Belgium Pro League Teams since 2010 - Statistics

General Stats
  • This quiz has been taken 210 times
    68 since last reset
  • The average score is 20 of 27
Answer Stats
# seasons Team % Correct
16 RSC Anderlecht
100%
16 Club Brugge KV
98%
16 KAA Gent
97%
16 KRC Genk
97%
16 Standard Liège
97%
15 R. Charleroi SC
93%
9 Royal Antwerp FC
93%
5 Union SG
86%
13 Cercle Brugge KSV
85%
15 KV Mechelen
81%
14 SV Zulte Waregem
78%
10 KV Oostende
73%
6 K Beerschot VA
71%
10 OHL
71%
15 KV Kortrijk
69%
1 La Louvière
69%
13 Sint-Truidense VV
69%
1 RWDM
68%
2 Dender
61%
9 KVC Westerlo
61%
9 Waasland-Beveren
61%
9 Sporting Lokeren
59%
5 Lierse SK
54%
9 KAS Eupen
53%
2 RFC Seraing
53%
7 Royal Excel Mouscron
51%
3 RAEC Mons
46%
No matching quizzes found
Score Distribution
Percent of People with Each Score
Percentile by Number Answered
Your Score History
You have not taken this quiz since the last reset